The social ideas of american educators (Record no. 210807)
[ view plain ]
| 000 -CABECERA | |
|---|---|
| campo de control de longitud fija | 00866cam a22002417a 4500 |
| 003 - IDENTIFICADOR DEL NÚMERO DE CONTROL | |
| campo de control | MX-MxUPN |
| 005 - FECHA Y HORA DE LA ÚLTIMA TRANSACCIÓN | |
| campo de control | 20240220063832.0 |
| 008 - ELEMENTOS DE LONGITUD FIJA--INFORMACIÓN GENERAL | |
| campo de control de longitud fija | 240123s1959 |usa|||fr|||| 001 0ceng d |
| 040 ## - FUENTE DE LA CATALOGACIÓN | |
| Centro catalogador/agencia de origen | MX-MxUPN |
| Lengua de catalogación | spa |
| 050 #4 - SIGNATURA TOPOGRÁFICA DE LA BIBLIOTECA DEL CONGRESO | |
| Número de clasificación | LA2311 |
| Número de documento/Ítem | C87 1959 |
| 100 1# - ASIENTO PRINCIPAL--NOMBRE PERSONAL | |
| 9 (RLIN) | 51110 |
| Nombre de persona | Curti, Merle |
| Fechas asociadas al nombre | 1897-1996 |
| Forma completa/desarrollada del nombre | (Merle Eugene), |
| 245 14 - MENCIÓN DE TÍTULO | |
| Título | The social ideas of american educators |
| 260 ## - PUBLICACIÓN, DISTRIBUCIÓN, ETC. | |
| Lugar de publicación, distribución, etc. | Paterson, New Jersey. : |
| Nombre del editor, distribuidor, etc. | Littlefield, Adams , |
| Fecha de publicación, distribución, etc. | 1959 |
| 300 ## - DESCRIPCIÓN FÍSICA | |
| Extensión | 613 páginas |
| 490 0# - MENCIÓN DE SERIE | |
| Mención de serie | New students outline series |
| 500 ## - NOTA GENERAL | |
| Nota general | En la portada "With new chapter on the last twenty-five years". |
| 650 #4 - ASIENTO SECUNDARIO DE MATERIA - TERMINO TEMATICO | |
| 9 (RLIN) | 51115 |
| Término de materia o nombre geográfico como elemento de entrada | Educadores |
| Subdivisión geográfica | Estados Unidos |
| Subdivisión de forma | Biografía |
| 650 #7 - ASIENTO SECUNDARIO DE MATERIA - TERMINO TEMATICO | |
| 9 (RLIN) | 16887 |
| Término de materia o nombre geográfico como elemento de entrada | Educación |
| Subdivisión general | Historia |
| Subdivisión geográfica | Estados Unidos |
| 650 #4 - ASIENTO SECUNDARIO DE MATERIA - TERMINO TEMATICO | |
| Término de materia o nombre geográfico como elemento de entrada | Educación |
| Subdivisión general | Aspectos sociales |
| Subdivisión geográfica | Estados Unidos |
| 9 (RLIN) | 10388 |
| 902 ## - ELEMENTOS DE DATOS B LOCAL, LDB (RLIN) | |
| Creó | GCH230124 |
| Modificó | VíctorGodínez/190224 |
| 942 ## - ELEMENTOS DE PUNTO DE ACCESO ADICIONAL (KOHA) | |
| Fuente del sistema de clasificación o colocación | Library of Congress Classification |
| Tipo de ítem Koha | Libro |
| Estado de retiro | Estado de pérdida | Fuente del sistema de clasificación o colocación | Estado dañado | No para préstamo | Código de colección | Localización permanente | Ubicación/localización actual | Ubicación en estantería | Fecha de adquisición | Clasificación | Código de barras | Fecha visto por última vez | Precio válido a partir de | Tipo de ítem Koha |
|---|---|---|---|---|---|---|---|---|---|---|---|---|---|---|
| Library of Congress Classification | Colección General | Bib. Gregorio Torres Quintero | Bib. Gregorio Torres Quintero | Planta baja | 23/01/2024 | LA2311 C87 1959 | 337787 | 23/01/2024 | 23/01/2024 | Libro |
